|
|
|
|
| LEADER |
00000naa2a2200000 4500 |
| 001 |
190952 |
| 005 |
20231031180439.0 |
| 035 |
|
|
|a (RuTPU)RU\TPU\book\208185
|
| 090 |
|
|
|a 190952
|
| 100 |
|
|
|a 20110131d2010 k y0rusy50 ca
|
| 101 |
0 |
|
|a rus
|
| 102 |
|
|
|a RU
|
| 200 |
1 |
|
|a Математическое моделирование образования плазменного канала при транспортировке низкоэнергетического сильноточного электронного пучка в аргоне низкого давления
|f И. Л. Звигинцев, А. В. Козловских
|g науч. рук. В. П. Григорьев
|
| 320 |
|
|
|a Библиогр.: 2 назв.
|
| 463 |
|
0 |
|0 (RuTPU)RU\TPU\book\199160
|y 978-5-98298-640-5
|t Технологии Microsoft в теории и практике программирования
|o сборник трудов VII Всероссийской научно-практической конференции студентов, аспирантов и молодых ученых, 23-24 марта 2010 г. г. Томск
|f Национальный исследовательский Томский политехнический университет (ТПУ); под ред. О. М. Гергета
|v С. 43-45
|d 2010
|p 240 с.
|
| 610 |
1 |
|
|a плазма
|
| 610 |
1 |
|
|a каналы транспортировки
|
| 610 |
1 |
|
|a электронные пучки
|
| 610 |
1 |
|
|a аргон
|
| 610 |
1 |
|
|a математическое моделирование
|
| 610 |
1 |
|
|a труды учёных ТПУ
|
| 700 |
|
1 |
|a Звигинцев
|b И. Л.
|c специалист в области прикладной математики
|c аспирант Томского политехнического университета
|f 1985-
|g Илья Леонидович
|2 stltpush
|3 (RuTPU)RU\TPU\pers\25729
|
| 701 |
|
1 |
|a Козловских
|b А. В.
|c российский ученый, специалист в области прикладной математики
|c доцент Томского политехнического университета, кандидат технических наук
|f 1944-
|g Александр Владимирович
|2 stltpush
|3 (RuTPU)RU\TPU\pers\25732
|
| 702 |
|
1 |
|a Григорьев
|b В. П.
|4 727
|
| 801 |
|
1 |
|a RU
|b 63413507
|c 20110131
|
| 801 |
|
2 |
|a RU
|b 63413507
|c 20150609
|g RCR
|
| 942 |
|
|
|c BK
|